| 000 | 01784cam a22003498i 4500 | ||
|---|---|---|---|
| 001 | 20681139 | ||
| 005 | 20240111115909.0 | ||
| 008 | 180925t20192019nyu b 001 0 eng | ||
| 010 | _a 2018046088 | ||
| 020 | _a9781138391154 | ||
| 020 | _a9781138391161 | ||
| 020 | _z9780429422898 | ||
| 040 |
_aDLC _beng _erda _cDLC |
||
| 042 | _apcc | ||
| 050 | 0 | 0 |
_aG155.A1 _bT59237 2019 |
| 082 | 0 | 0 |
_a910.68 _223 |
| 100 | 1 |
_aPage, Stephen, _d1963- _eauthor. |
|
| 245 | 1 | 0 |
_aTourism management / _cStephen J. Page. |
| 250 | _aSixth Edition. | ||
| 263 | _a1903 | ||
| 300 | _apages cm | ||
| 500 | _a"First edition published by Butterworth-Heinemann 2003"--T.p. verso. | ||
| 500 | _a"Fifth edition published by Routledge 2015"--T.p. verso. | ||
| 504 | _aIncludes bibliographical references and index. | ||
| 505 | 0 | _aTourism today: Why is it a global phenomenon embracing all our lives? -- Tourism: Its origins, growth and future -- Demand: Why do people engage in tourism? -- Transporting the tourist, I: Surface transport -- Transporting the tourist, II: The aviation sector -- Accommodation and hospitality services -- Tour operating and travel retailing -- Visitor attractions and events -- The management of tourism -- The public sector and tourism -- Managing the visitor and their impacts -- The future of tourism: Post tourism? | |
| 650 | 0 |
_aTourism _vTextbooks. |
|
| 650 | 0 |
_aTourism _xManagement _vTextbooks. |
|
| 776 | 0 | 8 |
_iOnline version: _aPage, Stephen, 1963- author. _tTourism management _bSixth Edition. _dNew York : Routledge, 2019 _z9780429422898 _w(DLC) 2018046529 |
| 906 |
_a7 _bcbc _corignew _d1 _eecip _f20 _gy-gencatlg |
||
| 942 |
_2lcc _cBOOKS _hG155.A1 T59237 2019 |
||
| 999 |
_c30574 _d30574 |
||